| 000 | 00572nam a2200193 a 4500 | ||
|---|---|---|---|
| 999 |
_c4267 _d4267 |
||
| 001 | 1259 | ||
| 003 | BD-DhUAP | ||
| 005 | 20201202110424.0 | ||
| 008 | 201105s1996 ii 000 0 eng d | ||
| 040 |
_aEXC _cEXC _dORU _dBAKER _dBD-DhUAP _bEng |
||
| 082 | 0 | 0 |
_a516.06 KHA _223 |
| 100 | _aKhanna, M. L. | ||
| 245 | 1 | 0 |
_aSolid geometry : _bco-ordinate geometry of three dimensions... / _cM. L. Khanna. |
| 250 | _a22th ed. | ||
| 260 |
_aMeerut : _bJai Prakash Nath & Co., _cc1996. |
||
| 300 |
_avarious pages : _billustrations ; _c22 cm. |
||
| 650 | _aGeometry. | ||
| 942 |
_2ddc _cBK |
||